| 000 | 00711cam a22002292 4500 | ||
|---|---|---|---|
| 001 | 0000019481 | ||
| 005 | 20151217145916.0 | ||
| 008 | 101215s xx 000 0 eng d | ||
| 020 | _a1847037312 : | ||
| 040 |
_aKABU _cKABU |
||
| 100 | 1 |
_aHaley, Michael. _@0000158682 |
|
| 245 | 1 | 0 |
_aEquity & trusts / _cMichael Haley and Lara McMurtry. |
| 250 | _a2nd ed. | ||
| 260 |
_aLondon : _bSweet & Maxwell, _c2009. |
||
| 300 | _alxxxvi, 641 p. | ||
| 650 | 0 |
_aTrusts and trustees _zGreat Britain. _@0000158683 |
|
| 650 | 0 |
_aEquity _zGreat Britain. _@0000158684 |
|
| 700 | 1 |
_aMcMurtry, Lara. _@0000158685 |
|
| 852 | 1 | _9p3770 KES | |
| 908 | _a101215 | ||
| 950 | _@1 | ||
| 999 |
_c3949 _d3949 |
||